Ceny a prestavba hospodárskeho mechanizmu

Podrobná bibliografia
Hlavný autor: Sabolčík, Michal, 1924-1995 (Autor)
Médium: Článok
Jazyk:slovenčina
Predmet:

MARC

LEADER 00000nab a2200000 a 4500
001 vtls000338318
003 SK-MaSNL
005 20260303230158.0
008 230217c1988 xo 0 slo
015 |a SNBRB19rr/mm-uuuuu 
035 |a CL0338440 
035 |a urn:nbn:sk:snk-ab79qp 
035 |a (uuid)96bcf786-5978-4a37-be9e-7ca8d31f245a 
035 |a (urnnbn)urn:nbn:sk:snk:ar-a07c27 
035 |a (sysno)vtls000338318 
040 |a SNKBUCL  |b slo  |c SNKBUCL  |e AACR2 
041 0 |a slo 
044 |a xo  |c SK 
080 |a 338.5(437)  |2 1981 
080 |a 338.2(437)  |2 1981 
100 1 |a Sabolčík, Michal,  |d 1924-1995  |4 aut  |9 48962 
245 1 0 |a Ceny a prestavba hospodárskeho mechanizmu  |c Michal Sabolčík 
650 0 7 |a mechanizmus hospodársky  |2 snkbucl  |9 385380 
650 0 7 |a ceny  |2 snkbucl  |9 2113 
655 7 |a články z novín a časopisov  |2 snkbucl  |9 267496 
773 0 |t Ekonomika a riadenie priemyslu  |g Roč. 5, č. 3 (1988), s. 223-235 
850 |a Slovenská národná knižnica v Martine  |a MTA001 
852 |a SNK  |b KIS3GCP 
954 |a odborná, vedecká literatúra pôvodná (slovenská)  |2 lita 
958 |a RK 
958 |a OND 
958 |a EUIPO 
958 |a article27 
992 |a RBX 
999 |c 2260521  |d 2262451